| 000 | 01089cam a22003254a 4500 | ||
|---|---|---|---|
| 001 | 16464199 | ||
| 003 | 20160510121716.0 | ||
| 005 | 20240606080900.0 | ||
| 008 | 100917s2011 njua 001 0 eng | ||
| 010 | _a 2010036272 | ||
| 020 | _a0205820379 (alk. paper) | ||
| 020 | _a9780205820375 (alk. paper) | ||
| 035 | _a(OCoLC)ocn664519533 | ||
| 040 |
_aDLC _cDLC _dYDX _dYDXCP _dCDX _dDLC |
||
| 042 | _apcc | ||
| 050 | 0 | 0 |
_aBC108 _b.C69 2011 |
| 082 | 0 | 0 |
_a160 _222 |
| 100 | 1 | _aCopi, Irving M. | |
| 245 | 1 | 0 | _aIntroduction to logic. |
| 250 |
_a14th ed. / _bIrving M. Copi, Carl Cohen, Kenneth McMahon. |
||
| 260 |
_aUpper Saddle River, NJ : _bPearson Education, _cc2011. |
||
| 300 |
_axxii, 627 p. : _bill. ; _c27 cm. |
||
| 500 | _aIncludes index. | ||
| 650 | 0 |
_aLogic _vTextbooks. |
|
| 700 | 1 |
_aCohen, Carl, _d1931- |
|
| 700 | 1 |
_aMcMahon, K. D. _q(Kenneth D.) |
|
| 906 |
_a7 _bcbc _corignew _d1 _eecip _f20 _gy-gencatlg |
||
| 942 |
_2lcc _cBK |
||
| 999 |
_c2746 _d2746 |
||